|
|
|
|
| LEADER |
01451nam a2200301 4500 |
| 001 |
744 |
| 003 |
BD-DhAAL |
| 005 |
20151006101413.0 |
| 008 |
151006s1971 ii 100 0 eng |
| 010 |
|
|
|a 78925733
|
| 040 |
|
|
|a DLC
|c DLC
|d DLC
|d BD-DhAAL
|
| 050 |
0 |
0 |
|a LC5257.A2
|b C6 1970
|
| 082 |
0 |
0 |
|a 374.8/5
|
| 111 |
2 |
|
|a Conference on Continuing Education and Universities in the Asian and South Pacific Region,
|c Madras,
|d 1970.
|9 15141
|
| 245 |
1 |
0 |
|a Conference on Continuing Education and Universities in the Asian and South Pacific region.
|
| 260 |
|
|
|a [New Delhi,
|b Can be had from Inter-University Board of India & Ceylon,
|c 1971]
|
| 300 |
|
|
|a ii, 227 p.
|c 22 cm.
|
| 350 |
|
|
|a Rs12.00
|
| 500 |
|
|
|a Half title: Continuing education and Universities in the Asian and South Pacific Region.
|
| 500 |
|
|
|a "Organised by I.U.A.C.E. (Indian University Association for Continuing Education) and University of Madras."
|
| 541 |
|
|
|e 744
|
| 650 |
|
0 |
|a Continuing education
|z Asia
|x Congresses.
|9 15142
|
| 650 |
|
0 |
|a Evening and continuation schools
|z Asia
|x Congresses.
|9 15143
|
| 710 |
2 |
|
|a Indian University Association for Continuing Education.
|9 15144
|
| 710 |
2 |
|
|a University of Madras.
|9 15145
|
| 942 |
|
|
|2 ddc
|c BK
|
| 999 |
|
|
|c 35693
|d 35693
|
| 952 |
|
|
|0 0
|1 0
|2 ddc
|4 0
|6 374_800000000000000_5_CON
|7 0
|9 56135
|a SCL
|b SCL
|c GEN
|d 2015-10-06
|g 14.00
|l 0
|o 374.85 CON
|p 3020000744
|r 2015-10-06
|t 1
|w 2015-10-06
|y BK
|x 'The mentioned price is BDT conversion, actual price was RS12'
|